Normal view
MARC view
- Khan, Irrfan,
Entry Personal Name
001 - CONTROL NUMBER
- control field: 35517
003 - CONTROL NUMBER IDENTIFIER
- control field: OSt
005 - DATE AND TIME OF LATEST TRANSACTION
- control field: 20140311112740.0
008 - FIXED-LENGTH DATA ELEMENTS
- fixed length control field: 140311|| aca||aabn | a|a d
040 ## - CATALOGING SOURCE
- Original cataloging agency: OSt
100 1# - HEADING--PERSONAL NAME
- Personal name: Khan, Irrfan,
- Dates associated with a name: 1962-
400 0# - SEE FROM TRACING--PERSONAL NAME
- Personal name: Irfan,
- Dates associated with a name: 1962-
400 1# - SEE FROM TRACING--PERSONAL NAME
- Personal name: Khan, Irfaan,
- Dates associated with a name: 1962-
400 0# - SEE FROM TRACING--PERSONAL NAME
- Personal name: Irrfan,
- Dates associated with a name: 1962-
400 1# - SEE FROM TRACING--PERSONAL NAME
- Personal name: Khan, Irfan,
- Dates associated with a name: 1962-